000 00835nam a22002777a 4500
003 UA-OsUOA
001 57863
005 20190720163311.0
007 ta
008 20090113b un ||||| |||| 00| 0 ukr d
100 _aКовтун І.О.
700 _aДенисенко М.П.
700 _aКабанов В.Г.
090 _a368.01
_bК56
942 _cBK
040 _aUA-OsUOA
_bukr
_cUA-OsUOA
_dUA-OsUOA
245 _aОснови актуарних розрахунків
_bнавчальний посібник
300 _a480 с.
955 _a2
041 _aukr
080 _a368.01
020 _a978-966-370-076-2
260 _aК.
_b"Професіонал"
_c2008
650 7 _a36 Забезпечення духовних та матеріальних життєвих потреб
_2UDC
999 _c343947
_d343947